Online
Catalog

Legitimidad y sujeción : (Record no. 7434)

MARC details
000 -CABECERA
campo de control de longitud fija 01105cam a2200301 a 4500
001 - NÚMERO DE CONTROL
campo de control 000007654
003 - IDENTIFICADOR DEL NÚMERO DE CONTROL
campo de control DO-SdBNP
005 - FECHA Y HORA DE LA ÚLTIMA TRANSACCIÓN
campo de control 20250602113834.0
008 - DATOS DE LONGITUD FIJA--INFORMACIÓN GENERAL
campo de control de longitud fija 940802s1993 ck b 001 e spa
020 ## - NÚMERO INTERNACIONAL ESTÁNDAR DEL LIBRO
Número Internacional Estándar del Libro 9586121585
040 ## - FUENTE DE LA CATALOGACIÓN
Centro catalogador/agencia de origen DO-SdBNP
Centro/agencia transcriptor DLC
082 ## - NÚMERO DE LA CLASIFICACIÓN DECIMAL DEWEY
Número de clasificación 864.44
Número de documento/Ítem B265l
100 1# - ENTRADA PRINCIPAL--NOMBRE DE PERSONA
Nombre de persona Barona Becerra, Guido.
9 (RLIN) 21228
245 10 - MENCIÓN DE TÍTULO
Título Legitimidad y sujeción :
Resto del título los paradigmas de la "invención de América" /
Mención de responsabilidad, etc. Guido Barona Becerra.
260 ## - PUBLICACIÓN, DISTRIBUCIÓN, ETC.
Lugar de publicación, distribución, etc. Santafé, Bogotá :
Nombre del editor, distribuidor, etc. Colcultura,
Fecha de publicación, distribución, etc. 1993.
300 ## - DESCRIPCIÓN FÍSICA
Extensión 129 p. ;
Dimensiones 20 cm.
490 1# - MENCIÓN DE SERIE
Mención de serie Premios nacionales '93
490 1# - MENCIÓN DE SERIE
Mención de serie Ensayo
504 ## - NOTA DE BIBLIOGRAFÍA, ETC.
Nota de bibliografía, etc. Incluye referencias bibliográficas: (p. 123-129).
586 ## - NOTA DE PREMIOS
Nota de premios Premio nacional de ensayo, 1993
651 #0 - PUNTO DE ACCESO ADICIONAL DE MATERIA--NOMBRE GEOGRÁFICO
Nombre geográfico América del Sur
Subdivisión general Historia
Subdivisión cronológica Guerras de Independencia, 1806-1830
Subdivisión de forma Ensayo, conferencias, etc.
9 (RLIN) 4537
651 #4 - PUNTO DE ACCESO ADICIONAL DE MATERIA--NOMBRE GEOGRÁFICO
Nombre geográfico América Latina
Subdivisión general Historia
Subdivisión cronológica 1600
9 (RLIN) 21230
651 #0 - PUNTO DE ACCESO ADICIONAL DE MATERIA--NOMBRE GEOGRÁFICO
Nombre geográfico América Latina
Subdivisión general Relaciones Raciales
9 (RLIN) 21231
740 0# - PUNTO DE ACCESO ADICIONAL--TÍTULO RELACIONADO O ANALÍTICO NO CONTROLADO
Título relacionado o analítico no controlado Paradigmas de la "invencion de America."
830 #0 - PUNTO DE ACCESO ADICIONAL DE SERIE-TÍTULO UNIFORME
Título uniforme Premios nacionales '93,
Nombre de parte o sección de la obra ensayo.
9 (RLIN) 21232
910 ## - DATOS DE OPCIÓN DEL USUARIO (OCLC)
Datos de opción del usuario Catalogación por copia / LC
942 ## - ELEMENTOS DE PUNTO DE ACCESO ADICIONAL (KOHA)
Fuente del sistema de clasificación o colocación Dewey Decimal Classification
Tipo de ítem Koha Libro
Holdings
Estado de retiro Estado de pérdida Restricciones de uso No para préstamo Código de colección Localización permanente Ubicación/localización actual Ubicación en estantería Fecha de adquisición Número de inventario Total de préstamos Signatura topográfica completa Código de barras Fecha visto por última vez Precio válido a partir de Tipo de ítem Koha
    Préstamo interno   Monografías: Libros y Folletos General General En catalogación 09.09.2009 LF1   864.44 B265l 7654-10 25.06.2020 25.06.2020 Préstamo interno

Powered by Koha